00847nam a2200265 i 450000500170000000700030001700800410002002000150006104000350007604100080011108400110011910000370013024500930016725000220026026400290028230000250031133600270033633700330036333800280039649000300042465000250045465000290047965000270050870000460053520220316235735.0ta121119s1998 sp gr 000 f spa d a8481911658 aCO-BoRNBPbspacCO-BoRNBPerda1 aspa aN CON11 aConrad, Josephd1857-1924eautor10aLord JimcJoseph Conrad ; traducción e introducción de José Manuel Benítez Ariza aSegunda edición 1aMadridbPre-textosc1998 a498 páginasc20 cm atextobtxt2rdacontent asin mediaciónbn2rdamedia avolumenbnc2rdacarrier0 aNarrativa clásicosv32717aNovela inglesa2LEMB17aLiteratura inglesa2LEMB17aNovela policiaca2LEMB1 aBenítez Ariza, José Manueletraductor